<?xml version="1.0" encoding="UTF-8"?>
<record
    xmlns:xsi="http://www.w3.org/2001/XMLSchema-instance"
    xsi:schemaLocation="http://www.loc.gov/MARC21/slim http://www.loc.gov/standards/marcxml/schema/MARC21slim.xsd"
    xmlns="http://www.loc.gov/MARC21/slim">

  <leader>00689nam a22001577a 4500</leader>
  <datafield tag="999" ind1=" " ind2=" ">
    <subfield code="c">6139</subfield>
    <subfield code="d">6139</subfield>
  </datafield>
  <controlfield tag="008">180423b        xxu||||| |||| 00| 0 eng d</controlfield>
  <datafield tag="020" ind1=" " ind2=" ">
    <subfield code="a">978-1-4129-3956-0</subfield>
  </datafield>
  <datafield tag="082" ind1=" " ind2=" ">
    <subfield code="a">568.049 THO</subfield>
  </datafield>
  <datafield tag="100" ind1=" " ind2=" ">
    <subfield code="a">THOMAS, David. C</subfield>
  </datafield>
  <datafield tag="245" ind1=" " ind2=" ">
    <subfield code="a">Cross- Cultural Management</subfield>
    <subfield code="b">Essential Concepts </subfield>
    <subfield code="c">David C. Thomas </subfield>
  </datafield>
  <datafield tag="250" ind1=" " ind2=" ">
    <subfield code="a">2nd ed </subfield>
  </datafield>
  <datafield tag="260" ind1=" " ind2=" ">
    <subfield code="a">California </subfield>
    <subfield code="b">SAGE Publications </subfield>
    <subfield code="c">2008</subfield>
  </datafield>
  <datafield tag="300" ind1=" " ind2=" ">
    <subfield code="a">xix, 327p</subfield>
    <subfield code="c">23cm </subfield>
  </datafield>
  <datafield tag="650" ind1=" " ind2=" ">
    <subfield code="2">International Business Enterprises- Management  2. International Business Enterprises- Management- Cross-cultural Studies   3. Management- Cross-cultural Studies   4. Intercultural Communication   5. Communication in Management- Cross-cultural Studies</subfield>
  </datafield>
  <datafield tag="942" ind1=" " ind2=" ">
    <subfield code="2">ddc</subfield>
    <subfield code="c">BOOKS</subfield>
  </datafield>
  <datafield tag="952" ind1=" " ind2=" ">
    <subfield code="0">0</subfield>
    <subfield code="1">0</subfield>
    <subfield code="2">ddc</subfield>
    <subfield code="4">0</subfield>
    <subfield code="7">0</subfield>
    <subfield code="a">3000</subfield>
    <subfield code="b">3000</subfield>
    <subfield code="d">2018-04-23</subfield>
    <subfield code="l">0</subfield>
    <subfield code="o">568.049 THO</subfield>
    <subfield code="p">10000001636</subfield>
    <subfield code="r">2018-04-23</subfield>
    <subfield code="w">2018-04-23</subfield>
    <subfield code="y">BOOKS</subfield>
  </datafield>
</record>
